Every Song by Yeah Yeah Yeahs - Statistics

General Stats
  • This quiz has been taken 8 times
  • The average score is 19 of 73
Answer Stats
Album Song % Correct
It's Blitz!(2009) Heads Will Roll
83%
Fever to Tell(2003) Maps
83%
Mosquito(2013) Mosquito
67%
Mosquito(2013) Sacrilege
67%
Fever to Tell(2003) Y Control
67%
Show Your Bones(2006) Gold Lion
50%
Is Is(2007) Isis
50%
Machine(2002) Machine
50%
Fever to Tell(2003) Pin
50%
Cool it Down(2022) Spitting Off the Edge of the World
50%
Yeah Yeah Yeahs(2001) Art Star
33%
Yeah Yeah Yeahs(2001) Bang
33%
Cool it Down(2022) Blacktop
33%
Fever to Tell(2003) Date with the Night
33%
Cool it Down(2022) Fleez
33%
It's Blitz!(2009) Hysteric
33%
Cool it Down(2022) Mars
33%
It's Blitz!(2009) Soft Shock
33%
Show Your Bones(2006) Turn Into
33%
Cool it Down(2022) Wolf
33%
It's Blitz!(2009) Zero
33%
Is Is(2007) 10 x 10
17%
Mosquito(2013) Always
17%
Mosquito(2013) Area 52
17%
Fever to Tell(2003) Black Tongue
17%
Fever to Tell(Bonus)(2017) Boogers
17%
Mosquito(2013) Buried Alive
17%
Cool it Down(2022) Burning
17%
Show Your Bones(2006) Cheated Hearts
17%
It's Blitz!(Bonus)(2009) Clap Song
17%
Fever to Tell(2003) Cold Light
17%
Fever to Tell(Bonus)(2017) Countdown
17%
Show Your Bones(Bonus)(2006) Deja Vu
17%
Mosquito(2013) Despair
17%
Cool it Down(2022) Different Today
17%
Is Is(2007) Down Boy
17%
Show Your Bones(2006) Dudley
17%
It's Blitz!(2009) Dull Life
17%
It's Blitz!(Bonus)(2009) Faces
17%
Show Your Bones(2006) Fancy
17%
Machine(2002) Graveyard
17%
Show Your Bones(2006) Honeybear
17%
Is Is(2007) Kiss Kiss
17%
It's Blitz!(2009) Little Shadow
17%
Cool it Down(2022) Lovebomb
17%
Fever to Tell(2003) Man
17%
Yeah Yeah Yeahs(2001) Miles Away
17%
Fever to Tell(2003) Modern Romance
17%
Fever to Tell(Bonus)(2017) Modern Things
17%
Show Your Bones(2006) Mysteries
17%
Yeah Yeah Yeahs(2001) Mystery Girl
17%
Fever to Tell(2003) No No No
17%
Fever to Tell(Bonus)(2017) Ooh Ooh Ooh
17%
Yeah Yeah Yeahs(2001) Our Time
17%
Show Your Bones(2006) Phenomena
17%
Fever to Tell(Bonus)(2017) Poor Song
17%
Fever to Tell(2003) Rich
17%
Is Is(2007) Rockers to Swallow
17%
It's Blitz!(2009) Runaway
17%
Fever to Tell(Bonus)(2017) Shake It
17%
It's Blitz!(2009) Shame and Fortune
17%
Fever to Tell(Bonus)(2017) Shot Down
17%
It's Blitz!(2009) Skeletons
17%
Mosquito(2013) Slave
17%
Mosquito(2013) Subway
17%
Mosquito(2013) These Paths
17%
Show Your Bones(2006) The Sweets
17%
Fever to Tell(2003) Tick
17%
Mosquito(2013) Under the Earth
17%
Show Your Bones(2006) Warrior
17%
Show Your Bones(2006) Way Out
17%
Mosquito(2013) Wedding Song
17%
Fever to Tell(Bonus)(2003) Yeah! New York
17%
No matching quizzes found
Score Distribution
Percent of People with Each Score
Percentile by Number Answered
Your Score History
You have not taken this quiz